000 00634nam a22002057a 4500
003 OSt
005 20140310182925.0
008 130130t xxu||||| |||| 00| 0 eng d
020 _a9712338916
050 _aLB 2369
_b.L34 2004
082 _aFIL 808.042 .L11 2004
_b.L34 2004
245 _aEnhancing basic research and writing skills : an English 2 language skills empowerment text
_cLacia, Ferdilyn C., Fabella, Mark G.
260 _aManila
_bRex Book Store
_cc2004
300 _axii, 134 p.
_c23 cm.
_bill.
521 _acollege students
526 _c1210L-1700L
562 _e1
942 _2lcc
_cBK
_kFIL
999 _c17406
_d17406